000 00377nam a22001451a 4500
003 OSt
008 220501s2008 xx 000 0 eng d
020 _a9788175053052
082 _bVIV-M
_a370.11
100 _aVIVEKANANDA, SWAMI
245 _aMy idea of education /
_cSwami Vivekananda.
260 _bADVAITA SHARMA,
_c2008.
_aKolkata :
300 _a128 p. ;
942 _2ddc
_cBK
999 _c20904
_d20904